书目信息 |
| 题名: |
河蟹养殖新技术
|
|
| 作者: | 李应森 , 何文辉 编著 | |
| 分册: | ||
| 出版信息: | 上海 上海科学技术出版社 2002.08 |
|
| 页数: | 202页 | |
| 开本: | 19cm | |
| 丛书名: | 水产养殖新技术丛书 | |
| 单 册: | ||
| 中图分类: | S966.16 | |
| 科图分类: | ||
| 主题词: | 养蟹--淡水养殖 | |
| 电子资源: | ||
| ISBN: | 7-5323-6529-8 | |
| 000 | 00920oam2 2200277 450 | |
| 001 | ZWTS00000083 | |
| 005 | 20060830093214.85 | |
| 010 | @a7-5323-6529-8@dCNY12.60 | |
| 035 | @a0102900720 | |
| 100 | @a20020928d2002 em y0chiy0110 ea | |
| 101 | 0 | @achi |
| 102 | @aCN@b310000 | |
| 105 | @aa z 000yy | |
| 200 | 1 | @a河蟹养殖新技术@Ahe xie yang zhi xin ji shu@f李应森,何文辉编著@Fli ying sen,he wen hui bian zhu |
| 210 | @a上海@c上海科学技术出版社@d2002.08 | |
| 215 | @a202页@c图@d19cm | |
| 225 | 2 | @a水产养殖新技术丛书 |
| 330 | @a本书比较系统地介绍了河蟹的生物学特性、优质蟹种的选择、河蟹人工养殖、河蟹养殖业的产业化经营等内容。 | |
| 461 | 0 | @1001012002048605@12001 @a水产养殖新技术丛书 |
| 606 | 0 | @a养蟹@x淡水养殖 |
| 690 | @aS966.16@v4 | |
| 701 | 0 | @a李应森@Ali ying sen@4编著 |
| 701 | 0 | @a何文辉@Ahe wen hui@4编著 |
| 801 | 0 | @aCN@bBZT@c20060830 |
| 905 | @aBZT@dS966.16@e101 | |
| 906 | @dCNY12.60@n0@r1 | |
| 河蟹养殖新技术/李应森,何文辉编著.-上海:上海科学技术出版社,2002.08 |
| 202页:图;19cm.-(水产养殖新技术丛书) |
| ISBN 7-5323-6529-8:CNY12.60 |
| 本书比较系统地介绍了河蟹的生物学特性、优质蟹种的选择、河蟹人工养殖、河蟹养殖业的产业化经营等内容。 |
| ● |
| 相关链接 |
|
|
|
正题名:河蟹养殖新技术
索取号:S966.16/101
 
预约/预借
| 序号 | 登录号 | 条形码 | 馆藏地/架位号 | 状态 | 备注 |
| 1 | 451949 | 230065185 | 中心书库中库/ 中库031架A面7列7层50/ [索取号:S966.16/101] | 在馆 | |
| 2 | 451950 | 230065181 | 中心书库中库/ 中库031架A面7列7层51/ [索取号:S966.16/101] | 在馆 | |
| 3 | 451951 | 230065182 | 中心书库中库/ 中库031架A面7列7层52/ [索取号:S966.16/101] | 在馆 | |
| 4 | 451952 | 230065183 | 中心书库中库/ 中库031架A面7列7层53/ [索取号:S966.16/101] | 在馆 | |
| 5 | 451953 | 230065184 | 中心书库中库/ 中库031架A面7列7层57/ [索取号:S966.16/101] | 在馆 |